<?xml version="1.0" encoding="UTF-8"?>
<record
    xmlns:xsi="http://www.w3.org/2001/XMLSchema-instance"
    xsi:schemaLocation="http://www.loc.gov/MARC21/slim http://www.loc.gov/standards/marcxml/schema/MARC21slim.xsd"
    xmlns="http://www.loc.gov/MARC21/slim">

  <leader>01112    a2200229   4500</leader>
  <datafield tag="999" ind1=" " ind2=" ">
    <subfield code="c">95574</subfield>
    <subfield code="d">95574</subfield>
  </datafield>
  <controlfield tag="003">NALT</controlfield>
  <controlfield tag="005">20251121093110.0</controlfield>
  <controlfield tag="008">190201b           ||||| |||| 00| 0 tha d</controlfield>
  <datafield tag="020" ind1=" " ind2=" ">
    <subfield code="a">9786169310808</subfield>
  </datafield>
  <datafield tag="040" ind1=" " ind2=" ">
    <subfield code="a">NALT</subfield>
  </datafield>
  <datafield tag="050" ind1=" " ind2=" ">
    <subfield code="a">QA 76.9.B45</subfield>
    <subfield code="b">&#xE2D;443&#xE1A; 2561</subfield>
  </datafield>
  <datafield tag="100" ind1="0" ind2=" ">
    <subfield code="a">&#xE2D;&#xE2A;&#xE21;&#xE32; &#xE01;&#xE38;&#xE25;&#xE27;&#xE32;&#xE19;&#xE34;&#xE0A;&#xE44;&#xE0A;&#xE22;&#xE19;&#xE31;&#xE19;&#xE17;&#xE4C;.</subfield>
    <subfield code="9">40215</subfield>
  </datafield>
  <datafield tag="245" ind1="1" ind2="0">
    <subfield code="a">Big Data Series I : </subfield>
    <subfield code="b">Introduction to a Big Data Project &#xE1B;&#xE10;&#xE21;&#xE1A;&#xE17;&#xE43;&#xE19;&#xE01;&#xE32;&#xE23;&#xE17;&#xE33;&#xE42;&#xE1B;&#xE23;&#xE40;&#xE08;&#xE04;&#xE1A;&#xE34;&#xE4A;&#xE01;&#xE14;&#xE32;&#xE15;&#xE49;&#xE32; /</subfield>
    <subfield code="c">&#xE40;&#xE02;&#xE35;&#xE22;&#xE19;&#xE42;&#xE14;&#xE22; &#xE2D;&#xE2A;&#xE21;&#xE32; &#xE01;&#xE38;&#xE25;&#xE27;&#xE32;&#xE19;&#xE34;&#xE0A;&#xE44;&#xE0A;&#xE22;&#xE19;&#xE31;&#xE19;&#xE17;&#xE4C;.</subfield>
  </datafield>
  <datafield tag="250" ind1=" " ind2=" ">
    <subfield code="a">&#xE1E;&#xE34;&#xE21;&#xE1E;&#xE4C;&#xE04;&#xE23;&#xE31;&#xE49;&#xE07;&#xE17;&#xE35;&#xE48; 1</subfield>
  </datafield>
  <datafield tag="260" ind1=" " ind2=" ">
    <subfield code="a">&#xE01;&#xE23;&#xE38;&#xE07;&#xE40;&#xE17;&#xE1E;&#xE2F; :</subfield>
    <subfield code="b">&#xE04;&#xE2D;&#xE23;&#xE32;&#xE44;&#xE25;&#xE19;&#xE4C;,</subfield>
    <subfield code="c">2561.</subfield>
  </datafield>
  <datafield tag="300" ind1=" " ind2=" ">
    <subfield code="a">247 &#xE2B;&#xE19;&#xE49;&#xE32; :</subfield>
    <subfield code="b">&#xE20;&#xE32;&#xE1E;&#xE1B;&#xE23;&#xE30;&#xE01;&#xE2D;&#xE1A; ;</subfield>
    <subfield code="c">21 &#xE0B;&#xE21;.</subfield>
  </datafield>
  <datafield tag="650" ind1=" " ind2="4">
    <subfield code="a">&#xE02;&#xE49;&#xE2D;&#xE21;&#xE39;&#xE25;&#xE02;&#xE19;&#xE32;&#xE14;&#xE43;&#xE2B;&#xE0D;&#xE48;</subfield>
    <subfield code="9">36912</subfield>
  </datafield>
  <datafield tag="650" ind1=" " ind2="0">
    <subfield code="a">&#xE01;&#xE32;&#xE23;&#xE08;&#xE31;&#xE14;&#xE01;&#xE32;&#xE23;&#xE10;&#xE32;&#xE19;&#xE02;&#xE49;&#xE2D;&#xE21;&#xE39;&#xE25;</subfield>
    <subfield code="9">30638</subfield>
  </datafield>
  <datafield tag="850" ind1=" " ind2=" ">
    <subfield code="a">NALT</subfield>
  </datafield>
  <datafield tag="942" ind1=" " ind2=" ">
    <subfield code="2">lcc</subfield>
    <subfield code="c">GB</subfield>
  </datafield>
  <datafield tag="998" ind1=" " ind2=" ">
    <subfield code="a">phon</subfield>
    <subfield code="b">phon</subfield>
    <subfield code="c">phon</subfield>
    <subfield code="j">1020</subfield>
    <subfield code="k"> &#xE19;&#xE32;&#xE07;&#xE08;&#xE33;&#xE40;&#xE23;&#xE35;&#xE22;&#xE07;  &#xE23;&#xE30;&#xE27;&#xE31;&#xE07;&#xE2A;&#xE33;&#xE42;&#xE23;&#xE07;</subfield>
  </datafield>
  <datafield tag="952" ind1=" " ind2=" ">
    <subfield code="0">0</subfield>
    <subfield code="1">0</subfield>
    <subfield code="2">lcc</subfield>
    <subfield code="4">0</subfield>
    <subfield code="7">0</subfield>
    <subfield code="8">CGBL</subfield>
    <subfield code="a">NALT</subfield>
    <subfield code="b">NALT</subfield>
    <subfield code="c">GEN</subfield>
    <subfield code="d">2019-01-30</subfield>
    <subfield code="e">1</subfield>
    <subfield code="l">18</subfield>
    <subfield code="m">13</subfield>
    <subfield code="o">QA 76.9.B45 &#xE2D;443&#xE1A; 2561</subfield>
    <subfield code="p">3961208982</subfield>
    <subfield code="r">2023-10-16 00:00:00</subfield>
    <subfield code="s">2023-10-02</subfield>
    <subfield code="w">2019-01-30</subfield>
    <subfield code="y">GB</subfield>
  </datafield>
</record>
